Acteurs et actrices des années 1950 par images #1 - Statistiques

Statistiques générales
  • Ce quiz a été pris 142 fois
    140 depuis la dernière actualisation
  • Le résultat moyen est 10 sur 20
Statistiques - réponses
Par images Réponse % Correct
Marylin Monroe
99%
Grace Kelly
81%
Elizabeth Taylor
78%
Marlon Brando
77%
Cary Grant
76%
James Dean
75%
Audrey Hepburn
66%
Tony Curtis
61%
James Stewart
56%
John Wayne
55%
Katharine Hepburn
52%
Robert Mitchum
52%
Yul Brynner
48%
Ava Gardner
31%
Montgomery Clift
31%
William Holden
23%
Kim Novak
22%
Jane Russell
20%
Stewart Granger
14%
Zsa Zsa Gabor
11%
Aucun quiz correspondant
Distribution des résultats
% des personnes avec chaque résultat
Percentile par nombre de réponses
Votre historique - résultats
Vous n’avez pas pris ce quiz depuis la dernière actualisation